The Mad African / (Record no. 336)
[ view plain ]
| 000 -LEADER | |
|---|---|
| fixed length control field | 00736cam a22002657a 4500 |
| 001 - CONTROL NUMBER | |
| control field | 12214049 |
| 003 - CONTROL NUMBER IDENTIFIER | |
| control field | GZU |
| 005 - DATE AND TIME OF LATEST TRANSACTION | |
| control field | 20200721091407.0 |
| 008 - FIXED-LENGTH DATA ELEMENTS--GENERAL INFORMATION | |
| fixed length control field | 000901s1999 rh 000 0 eng |
| 010 ## - LIBRARY OF CONGRESS CONTROL NUMBER | |
| LC control number | 00284532 |
| 020 ## - INTERNATIONAL STANDARD BOOK NUMBER | |
| International Standard Book Number | 1779003218 |
| 035 ## - SYSTEM CONTROL NUMBER | |
| System control number | (DLC) 00284532 |
| 040 ## - CATALOGING SOURCE | |
| Original cataloging agency | DLC |
| Transcribing agency | DLC |
| 042 ## - AUTHENTICATION CODE | |
| Authentication code | lcode |
| 050 00 - LIBRARY OF CONGRESS CALL NUMBER | |
| Classification number | MLCS 2000/01013 (P) |
| 100 1# - MAIN ENTRY--PERSONAL NAME | |
| Personal name | Abaidoo, Kodwo. |
| 245 14 - TITLE STATEMENT | |
| Title | The Mad African / |
| Statement of responsibility, etc. | Kodwo Abaidoo. |
| 260 ## - PUBLICATION, DISTRIBUTION, ETC. | |
| Place of publication, distribution, etc. | Harare : |
| Name of publisher, distributor, etc. | College Press, |
| Date of publication, distribution, etc. | 1999. |
| 300 ## - PHYSICAL DESCRIPTION | |
| Extent | 90 p. ; |
| Dimensions | 21 cm. |
| 490 1# - SERIES STATEMENT | |
| Series statement | Modern writers |
| 830 #0 - SERIES ADDED ENTRY--UNIFORM TITLE | |
| Uniform title | Modern writers (Harare, Zimbabwe) |
| 906 ## - LOCAL DATA ELEMENT F, LDF (RLIN) | |
| a | 7 |
| b | cbc |
| c | origode |
| d | 3 |
| e | ncip |
| f | 20 |
| g | y-gencatlg |
| 942 ## - ADDED ENTRY ELEMENTS (KOHA) | |
| Source of classification or shelving scheme | Library of Congress Classification |
| Koha item type | Books |
| Classification part | 430 |
| Item part | ABA |
| Call number prefix | PS |
| Call number suffix | 1999 |
| Withdrawn status | Lost status | Damaged status | Not for loan | Collection code | Home library | Current library | Shelving location | Date acquired | Total Checkouts | Full call number | Barcode | Date last seen | Copy number | Price effective from | Koha item type | Inventory number | Date last checked out |
|---|---|---|---|---|---|---|---|---|---|---|---|---|---|---|---|---|---|
| Non-fiction | City Campus Library | City Campus Library | General Stacks | 07/21/2020 | PS430 ABA 1999 | G22557 | 07/21/2020 | c.1 | 07/21/2020 | Books | |||||||
| Non-fiction | City Campus Library | City Campus Library | General Stacks | 03/24/2021 | 1 | PS 430 ABA 1999 | G22596 | 05/16/2023 | C.1 | 03/24/2021 | Books | 10361 | 05/09/2023 | ||||
| Non-fiction | Mashava Campus Library | Mashava Campus Library | General Stacks | 05/20/2021 | PS 430 ABA 1999 | G22553 | 05/20/2021 | c-3 | 05/20/2021 | Books | 10360 |